Statistiques concernant Pays commençant par M (avec une carte semi-vide)

Cliquez ici pour prendre le quiz!

Statistiques générales

  • Ce quiz a été pris 733 fois
  • Le résultat moyen est 192 sur 196

Réponses sur la Carte

Les réponses sont colorées sur une échelle allant du rouge au vert en fonction du pourcentage des utilisateurs qui les ont devinées à leur premier essai. Vous pouvez retrouver ces pourcentages ci-dessous.
 

Statistiques - réponses

pays% Correct
x
100%
Mali
95%
Mauritanie
95%
Mexique
94%
Mongolie
92%
Maroc
86%
Mozambique
83%
Malawi
79%
Moldavie
73%
Madagascar
72%
Macédoine
70%
Malaisie
67%
Monténégro
66%
Maldives
63%
Malte
59%
Micronésie
57%
Monaco
57%

Distribution des résultats

Percentile par nombre de réponses

% des personnes avec chaque résultat

Votre développement - résultats

Vous n’avez pas pris ce quiz